00965nam a22002297a 4500952010400000999001900104005001700123008004100140020001800181082002000199100003400219245009200253250001700345260003400362300001800396504003700414505018000451519004300631650001800674650003100692942001200723 00102lcc4070a15b15d2016-05-11l0o720.47 M663g 2013p15 008138r2017-12-07t1w2016-07-19yLB c100410d10041020231102151947.0160719s2013 mx a|||| |||| 00| 0 eng d a9788415223849 a720.47 bM663g  aMaría Minguet, Josepeautor aGreen housesb : new directions in sustainable architecture c / María Minguet, Josep a1 Edición  aBarcelona b : Monsac , 2013 a80 páginas  aIncluye bibliografía (pp.1-80) aLugano house Yia yia pavilion & studio Green.o.la Herzelia green house Brooks avenue house Judkins park house Eagle harbor cabin Biocasa Kyle house Ty pren eco-house O-s house aMaterial Complementario /d(15 008138)14aLUGANO HOUSE 14aYIA YIA PAVILION & STUDIO  2ddccLB